US Cities by Region: Northeast Quiz Stats

 Plays Quiz Updated Mar 28, 2012

Challenge
Share
Tweet
Embed
Score 0/24 Timer 08:00
9 Plays Today
Rank City % Correct
1New York, New York
99.6%
20Boston, Massachusetts
97.3%
6Philadelphia, Pennsylvania
88.8%
61Pittsburgh, Pennsylvania
76.1%
70Buffalo, New York
73.4%
137Providence, Rhode Island
70.4%
199Hartford, Connecticut
70.2%
68Newark, New Jersey
65.5%
176Syracuse, New York
51.4%
98Rochester, New York
49.4%
78Jersey City, New Jersey
47.5%
201New Haven, Connecticut
44.4%
Rank City % Correct
150Springfield, Massachusetts
38.2%
128Worcester, Massachusetts
35.1%
107Yonkers, New York
31.3%
232Manchester, New Hampshire
29%
177Bridgeport, Connecticut
27.1%
236Cambridge, Massachusetts
26.4%
239Allentown, Pennsylvania
23.2%
208Stamford, Connecticut
22.4%
252Lowell, Massachusetts
18.4%
195Elizabeth, New Jersey
14.9%
161Paterson, New Jersey
14%
241Waterbury, Connecticut
9.3%

You're not logged in!

Compare scores with friends on all Sporcle quizzes.
Join for Free
OR
Log In

You Might Also Like...

Show Comments

Extras

Top Quizzes Today


Score Distribution

Your Account Isn't Verified!

In order to create a playlist on Sporcle, you need to verify the email address you used during registration. Go to your Sporcle Settings to finish the process.

Report this User

Report this user for behavior that violates our Community Guidelines.

Details: